| 000 | 00455nam a2200181Ia 4500 | ||
|---|---|---|---|
| 001 | 21286 | ||
| 005 | 20260306172908.0 | ||
| 008 | 260306t2020||||xx |||||||||||||| ||spa|| | ||
| 041 | _aESP | ||
| 082 |
_a344.522 _bV23 |
||
| 100 |
_aValle Odar, Frank Carlos _eAUT |
||
| 245 | 0 | _aDelitos de acoso genérico, acoso y chantaje sexual | |
| 260 | _c2020 | ||
| 300 |
_a413 páginas : _c25 cm. |
||
| 650 | _aGEN | ||
| 654 | _aCDE | ||
| 942 |
_cLIB _dJUS _fJUS _2ddc _n |
||
| 999 |
_c21286 _d21286 |
||